000 00810nam a22002537a 4500
001 4551
003 FISKH
005 20250307110113.0
008 240916b cb ||||| |||| 00| 0 eng d
020 _a9780590613897
040 _aFISKH
_beng
_cFISKH
_dFISKH
050 _aPZ7.P273
082 _2808.899
100 _aPaterson, Katherine
_d1932
245 _aThe great gilly hopkings /
_cKatherine Paterson
250 _aFirst printing in 1995
260 _aNew York :
_bScholastic,
_c1995.
300 _a148 pages :
_c20cm
520 _aAn eleven-year-old foster child tries to cope with her longings and fears as she schemes against everyone who tries to be friendly.
650 _2Newbery Honor
_aRealistic fiction
_vAdoption
650 _2Fiction
_aFamily
_vLove
942 _2ddc
_cBK
_n0
999 _c4551
_d4551